00422cam a22001457a 4500008004000000082001600040100002100056245006300077250001200140260002600152300001000178440005800188500000900246650002100255180718b1956 xxu||||| |||| 00| 0 eng d aA6x4 M422/8 aMarriott, J.A.R. aA history of Europe, from 1815 to 1939cby J.A.R. Marriott a5th ed. aLondonbMethuenc1956 a634p. aMethuen's History of Medieval and Modern Europe, v.8. a30/- aEurope - History